000
00324nam a2200133Ia 4500
005
20260328104300.0
008
260328s9999||||xx |||||||||||||| ||und||
100
_a
Kastner, Jeffrey
245
0
_a
Land and Environmental Art /
_c
Jeffrey Kastner
260
_b
Phaidon
300
_a
202 p.
650
_a
ECOLOGÍA
942
_c
BK
999
_c
10585
_d
10585